000 00284nam a2200133Ia 4500
100 _aRieger H
942 _cBK
654 _acurrent circuit
245 _aAlternating current circuit
260 _bWiley eastern
_aNew Delhi
_c1989
300 _a59
546 _aENGLISH
999 _c34279
_d34279